| 000 | 00879pam a2200265 a 4500 | ||
|---|---|---|---|
| 001 | 1122823 | ||
| 003 | NUST - PNEC | ||
| 005 | 20170116181136.0 | ||
| 008 | 940107s1994 njua 001 0 eng | ||
| 010 | _a 94001225 | ||
| 020 | _a013097692X : | ||
| 040 | _cLIBRARY | ||
| 050 | 0 | 0 |
_aTL695 _b.H44 1994 |
| 082 | 0 | 0 |
_a629.135 HEL _220 |
| 100 | 1 | _aHelfrick, Albert D. | |
| 245 | 1 | 0 |
_aModern aviation electronics / _cAlbert Helfrick. |
| 250 | _a2nd ed. | ||
| 260 |
_aEnglewood Cliffs, N.J. : _bPrentice Hall Career and Technology, _cc1994. |
||
| 300 |
_aviii, 367 p. : _bill. ; _c25 cm. |
||
| 500 | _aIncludes index. | ||
| 650 | 0 |
_aAvionics. _xME |
|
| 906 |
_a7 _bcbc _corignew _d1 _eocip _f19 _gy-gencatlg |
||
| 942 |
_2ddc _cBK |
||
| 999 |
_c70245 _d70245 |
||